000 00567nam a2200205Ia 4500
003 GCL
008 140319s9999 xx 000 0 ara d
040 _aGCL /
_cGCL
082 0 4 _a111.1
_bو ا
100 1 _aجوزيف صابر
245 1 0 _aاله غير صامت /
_cجوزيف صابر
700 1 _aفرانسيس شيفر
260 _a[S.N] :
_bدار الثقافة العربية
300 _a94 ص
490 _a
650 0 4 _aالفلسفة
650 0 4 _aالفلسفة النظرية
650 0 4 _aالفلسفة - مذاهب
942 _2ddc
_cBK
999 _c53204
_d53204